Eastern Utah Libraries Catalog: Duchesne, Heber, Roosevelt, & Vernal

Along Navajo trails : (Record no. 261004)

MARC details
000 -LEADER
fixed length control field 02990nam a22004698a 4500
001 - CONTROL NUMBER
control field ocm57494056
003 - CONTROL NUMBER IDENTIFIER
control field OCoLC
005 - DATE AND TIME OF LATEST TRANSACTION
control field 20200320180638.0
008 - FIXED-LENGTH DATA ELEMENTS--GENERAL INFORMATION
fixed length control field 050121s2005 utu b s001 0 eng
010 ## - LIBRARY OF CONGRESS CONTROL NUMBER
LC control number 2005001650
020 ## - INTERNATIONAL STANDARD BOOK NUMBER
International Standard Book Number 0874216052 (hardcover : alk. paper)
020 ## - INTERNATIONAL STANDARD BOOK NUMBER
International Standard Book Number 0874216060 (pbk. : alk. paper)
020 ## - INTERNATIONAL STANDARD BOOK NUMBER
Terms of availability 21.95
040 ## - CATALOGING SOURCE
Original cataloging agency DLC
Transcribing agency DLC
Modifying agency WACOL
042 ## - AUTHENTICATION CODE
Authentication code pcc
043 ## - GEOGRAPHIC AREA CODE
Geographic area code n-us-nm
049 ## - LOCAL HOLDINGS (OCLC)
Holding library WACL
050 00 - LIBRARY OF CONGRESS CALL NUMBER
Classification number E99.N3
Item number E93 2005
082 00 - DEWEY DECIMAL CLASSIFICATION NUMBER
Classification number 979.1004/9726
Edition number 22
092 ## - LOCALLY ASSIGNED DEWEY CALL NUMBER (OCLC)
Classification number 979.1
Item number Eva
100 1# - MAIN ENTRY--PERSONAL NAME
Personal name Evans, Will,
Dates associated with a name b. 1877.
9 (RLIN) 53962
245 10 - TITLE STATEMENT
Title Along Navajo trails :
Remainder of title recollections of a trader, 1898-1948 /
Statement of responsibility, etc by Will Evans ; edited by Susan E. Woods and Robert S. McPherson ; foreword by Charles S. Peterson.
260 ## - PUBLICATION, DISTRIBUTION, ETC. (IMPRINT)
Place of publication, distribution, etc Logan :
Name of publisher, distributor, etc Utah State University Press,
Date of publication, distribution, etc c2005.
263 ## - PROJECTED PUBLICATION DATE
Projected publication date 0504
300 ## - PHYSICAL DESCRIPTION
Extent p. cm.
504 ## - BIBLIOGRAPHY, ETC. NOTE
Bibliography, etc Includes bibliographical references and index.
505 0# - FORMATTED CONTENTS NOTE
Formatted contents note Will Evans, trader to the Navajos -- Starting along the trail -- Views of history -- Agapito remembers the old days -- Yellow Horse and the Long Walk -- The establishment of trading posts -- Harry Baldwin and the Hogback Post -- Redrock Trading Post -- Little Singer and the beautiful mountain uprising -- Prosperity in reverse -- Oil and gas on Navajo land -- A Christmas Eve in Navajo land -- Navajo personalities -- Costiano -- Black Horse -- Bizhùshæ -- Ugly Man -- Fat One and Son of Fat One -- Faith, an episode -- Tragedies in Navajo land -- Sandoval -- Slim policeman -- A dedicated medicine man -- Dan Pete -- Living with the people -- Daily life in a hogan -- Navajo hospitality -- Trading with the Navajos -- Navajo blankets -- Silversmithing -- Cleanliness, clothes, and manners -- Hairstyles -- Tobacco, alcohol, and morality -- Navajo marriage customs and family life -- Divorce -- Tribal traditions and lore -- Sandpaintings -- My first fire dance -- Squaw dance (enemyway) -- Death, witchcraft, and skinwalkers -- Navajos and animals -- Postscript: The death of a man, the end of an era.
650 #0 - SUBJECT ADDED ENTRY--TOPICAL TERM
Topical term or geographic name as entry element Navajo Indians
Geographic subdivision New Mexico
-- Shiprock Region
General subdivision History.
9 (RLIN) 5828834
650 #0 - SUBJECT ADDED ENTRY--TOPICAL TERM
Topical term or geographic name as entry element Navajo Indians
Geographic subdivision New Mexico
-- Shiprock Region
General subdivision Social life and customs.
9 (RLIN) 5828835
650 #0 - SUBJECT ADDED ENTRY--TOPICAL TERM
Topical term or geographic name as entry element Navajo weavers
Geographic subdivision New Mexico
-- Shiprock Region
General subdivision History.
9 (RLIN) 5828836
650 #0 - SUBJECT ADDED ENTRY--TOPICAL TERM
Topical term or geographic name as entry element Trading posts
Geographic subdivision New Mexico
-- Shiprock Region
General subdivision History.
9 (RLIN) 5828837
650 #0 - SUBJECT ADDED ENTRY--TOPICAL TERM
Topical term or geographic name as entry element Indian traders
Geographic subdivision New Mexico
-- Shiprock Region
General subdivision History.
9 (RLIN) 5828838
651 #0 - SUBJECT ADDED ENTRY--GEOGRAPHIC NAME
Geographic name Shiprock Region (N.M.)
General subdivision History.
9 (RLIN) 5828839
651 #0 - SUBJECT ADDED ENTRY--GEOGRAPHIC NAME
Geographic name Shiprock Region (N.M.)
General subdivision Social life and customs.
9 (RLIN) 5828840
700 1# - ADDED ENTRY--PERSONAL NAME
Personal name Woods, Susan E.
Fuller form of name (Susan Evans),
Dates associated with a name 1952-
9 (RLIN) 53963
700 1# - ADDED ENTRY--PERSONAL NAME
Personal name McPherson, Robert S.,
Dates associated with a name 1947-
9 (RLIN) 30867
856 41 - ELECTRONIC LOCATION AND ACCESS
Materials specified Table of contents
Uniform Resource Identifier <a href="http://www.loc.gov/catdir/toc/ecip056/2005001650.html">http://www.loc.gov/catdir/toc/ecip056/2005001650.html</a>
942 ## - ADDED ENTRY ELEMENTS (KOHA)
Koha item type BOOK
948 ## - LOCAL PROCESSING INFORMATION (OCLC); SERIES PART DESIGNATOR (RLIN)
Series part designator, SPT (RLIN) 05/16/2005
z (OCLC) Sirsi
994 ## -
-- 02
-- WACOL
996 ## -
-- 41788
-- 34301000458523
-- nf
-- bk
-- wcl
-- i
-- 4
-- 21.95
-- USU Press
-- 979.1 Eva
-- 05/16/2005
-- 03/18/2019
-- 02/21/2019
Holdings
Withdrawn status Lost status Source of classification or shelving scheme Damaged status Not for loan Collection code Home library Current library Shelving location Date acquired Cost, normal purchase price Total Checkouts Total Renewals Full call number Barcode Date last seen Date checked out Cost, replacement price Price effective from Koha item type
    Dewey Decimal Classification     General NonFiction Wasatch County Library Wasatch County Library Second Floor 05/16/2005 21.95 6 4 979.1 Eva 34301000458523 04/01/2024 08/21/2023 21.95 03/20/2020 BOOK
This project was made possible through a grant from the Institute of Museum and Library Service administered by the Utah State Library Division.

Wasatch County Library

  • 465 East 1200 South, Heber City, Utah 84032
  • Phone 435-654-1511 | Fax 435-654-6456

Hours

  • Monday - Friday 9:30 AM - 8:00 PM
  • Saturday 9:30 AM - 1:30 PM
  • Closed Sundays and Holidays